00437nam a2200157Ia 4500008004100000100002200041245007000063260001100133300002000144440002500164521000700189650001700196650002600213650001100239650002900250140626s9999 xx 000 0 und d aNishime, Leilani. aMultiracial naming from Plessy to Tiger Woods /c Leilani.Nishime cc2012. a22 : 1, page 92 aCommunication Theory aMC aCablinasian. aCommunication theory. aMedia. aMultiracial differences.